[Event "Sportsko leto 2013"]
[Site "Paracin"]
[Date "2013.07.09"]
[Round "6.1"]
[White "Tomic, Bosko"]
[Black "Ulibin, Mikhail"]
[Result "0-1"]
[WhiteElo "2425"]
[BlackElo "2529"]
[PlyCount "68"]
[EventDate "2013.??.??"]

1. e4 e6 2. d4 d5 3. Nc3 Nf6 4. Bg5 Be7 5. e5 Nfd7 6. Bxe7 Qxe7 7. f4 O-O 8.
Nf3 c5 9. Bd3 f6 10. exf6 Qxf6 11. g3 Nc6 12. dxc5 Nxc5 13. O-O Bd7 14. Qd2 a6
15. Rae1 Rac8 16. Ne5 Be8 17. a3 Nxe5 18. Rxe5 Bf7 19. Rfe1 Rfe8 20. Qf2 Nd7
21. R5e2 e5 22. fxe5 Nxe5 23. Bf5 Rc7 24. Kg2 Rce7 25. Bd3 Qxf2+ 26. Rxf2 d4
27. Na4 Nxd3 28. Rxe7 Nxf2 29. Rd7 Ng4 30. Rxd4 Bd5+ 31. Kh3 Ne3 32. g4 Rf8 33.
Nc3 g5 34. Nxd5 Rf3# 0-1

[Event "Sportsko leto 2013"]
[Site "Paracin"]
[Date "2013.07.09"]
[Round "6.2"]
[White "Cioara, Andrei-Nestor"]
[Black "Damljanovic, Branko"]
[Result "0-1"]
[WhiteElo "2465"]
[BlackElo "2544"]
[PlyCount "68"]
[EventDate "2013.??.??"]

1. d4 Nf6 2. c4 g6 3. Nf3 Bg7 4. Nc3 d6 5. g3 O-O 6. Bg2 c6 7. O-O Qa5 8. h3
Be6 9. Nd2 Qa6 10. d5 cxd5 11. cxd5 Bd7 12. Nb3 Rc8 13. a4 Qb6 14. Be3 Qd8 15.
a5 Na6 16. Nd4 Rc4 17. Qd2 Qc8 18. Kh2 h5 19. Rfc1 h4 20. b3 hxg3+ 21. fxg3 Rc5
22. Ndb5 Qf8 23. Bxc5 Nxc5 24. Rab1 Bh6 25. e3 Bg5 26. b4 Qh6 27. Re1 Na6 28.
Re2 Bxe3 29. Qe1 Ng4+ 30. Kh1 Rc8 31. Qf1 Ne5 32. Rbe1 Bd2 33. Rxd2 Qxd2 34.
Ne4 Bxb5 0-1

[Event "Sportsko leto 2013"]
[Site "Paracin"]
[Date "2013.07.09"]
[Round "6.3"]
[White "Miladinovic, Igor"]
[Black "Abramovic, Bosko"]
[Result "1-0"]
[WhiteElo "2558"]
[BlackElo "2427"]
[PlyCount "71"]
[EventDate "2013.??.??"]

1. d4 d5 2. Bf4 Nf6 3. e3 c5 4. dxc5 Nc6 5. Bb5 Bd7 6. Nc3 e6 7. Nf3 Bxc5 8. a3
Be7 9. h3 Rc8 10. Bd3 a6 11. O-O O-O 12. e4 dxe4 13. Nxe4 Nxe4 14. Bxe4 h6 15.
Qe2 Qb6 16. b4 Rfd8 17. Rfd1 Be8 18. c4 Rxd1+ 19. Rxd1 Rd8 20. Bd3 Bf8 21. c5
Qa7 22. Bh7+ Kh8 23. Rxd8 Nxd8 24. Bb1 Qa8 25. Qd3 g6 26. Qd2 Kh7 27. Ne5 Bg7
28. Nc4 Nc6 29. Nd6 f5 30. Ba2 e5 31. Qd5 Ne7 32. Qe6 exf4 33. Qxe7 Bc6 34. Bf7
Qh8 35. h4 h5 36. Qg5 1-0

[Event "Sportsko leto 2013"]
[Site "Paracin"]
[Date "2013.07.09"]
[Round "6.4"]
[White "Kasparov, Sergey"]
[Black "Lajthajm, Borko"]
[Result "1/2-1/2"]
[WhiteElo "2470"]
[BlackElo "2477"]
[PlyCount "154"]
[EventDate "2013.??.??"]

1. e4 d6 2. d4 c6 3. Be3 Nd7 4. c4 Ngf6 5. f3 a6 6. Nd2 e5 7. d5 Be7 8. Ne2 O-O
9. Nc3 Nh5 10. g3 Bg5 11. Bf2 Bxd2+ 12. Qxd2 c5 13. Be2 Nhf6 14. a3 Re8 15. b4
b6 16. O-O Nf8 17. Rfb1 Bd7 18. a4 a5 19. bxa5 Rxa5 20. Qb2 Ra6 21. Ra3 Qa8 22.
Rb3 Rb8 23. a5 Rxa5 24. Rxb6 Rxb6 25. Qxb6 Ra1 26. Be1 Rxb1 27. Nxb1 Ne8 28.
Ba5 f5 29. Nc3 fxe4 30. Nxe4 Bf5 31. Bd3 Bg6 32. Kg2 Nd7 33. Qd8 Qxd8 34. Bxd8
Kf8 35. Kf2 Nef6 36. Bc7 Nxe4+ 37. Bxe4 Ke7 38. Bxg6 hxg6 39. h3 Nf6 40. Ba5
Nh7 41. Bd2 Kf6 42. f4 exf4 43. Bxf4 Ke7 44. Kf3 Nf6 45. Bg5 Kf7 46. Bxf6 Kxf6
47. Kf4 g5+ 48. Kg4 Ke5 49. Kxg5 Kd4 50. Kf5 Kxc4 51. Ke6 Kb5 52. Kxd6 c4 53.
Ke6 c3 54. d6 c2 55. d7 c1=Q 56. d8=Q Qe3+ 57. Kf7 Qxg3 58. h4 Kc6 59. Qg5 Qc3
60. h5 Kd6 61. Qe7+ Kc6 62. Qg5 Kd7 63. Qxg7 Qf3+ 64. Kg8+ Ke6 65. Qg6+ Ke7 66.
Qg7+ Ke6 67. h6 Qa8+ 68. Kh7 Qf3 69. Qg6+ Ke7 70. Qg5+ Ke6 71. Kh8 Qf8+ 72.
Qg8+ Ke7 73. Kh7 Qf7+ 74. Qg7 Ke8 75. Kh8 Qf8+ 76. Qxf8+ Kxf8 77. h7 Kf7
1/2-1/2

[Event "Sportsko leto 2013"]
[Site "Paracin"]
[Date "2013.07.09"]
[Round "6.5"]
[White "Mista, Alexander"]
[Black "Kuzmicz, Krystian"]
[Result "1/2-1/2"]
[WhiteElo "2579"]
[BlackElo "2470"]
[PlyCount "44"]
[EventDate "2013.??.??"]

1. c4 e5 2. g3 Nf6 3. Bg2 c6 4. d4 Bb4+ 5. Bd2 Bxd2+ 6. Qxd2 d6 7. Nc3 O-O 8.
e3 Be6 9. b3 exd4 10. Qxd4 d5 11. cxd5 Nxd5 12. Nge2 Qa5 13. Qa4 Qxa4 14. Nxa4
Na6 15. O-O-O Rfd8 16. Rd2 Nb6 17. Rxd8+ Rxd8 18. Nb2 Kf8 19. Nc3 Nb4 20. a3
Nd3+ 21. Nxd3 Rxd3 22. Kc2 Rd8 1/2-1/2

[Event "Sportsko leto 2013"]
[Site "Paracin"]
[Date "2013.07.09"]
[Round "6.6"]
[White "Stojanovski, Dejan"]
[Black "Atalik, Suat"]
[Result "0-1"]
[WhiteElo "2439"]
[BlackElo "2470"]
[PlyCount "158"]
[EventDate "2013.??.??"]

1. e4 e6 2. d4 d5 3. Nc3 Bb4 4. e5 c5 5. a3 Bxc3+ 6. bxc3 Qc7 7. Qg4 f6 8. Bd2
c4 9. Qg3 Qf7 10. f4 Bd7 11. a4 Nc6 12. Nf3 Nge7 13. Be2 O-O-O 14. O-O Nf5 15.
Qf2 h5 16. Nh4 Nce7 17. Nxf5 Nxf5 18. a5 h4 19. Bg4 Qg6 20. Bh3 Ne7 21. Bc1 f5
22. Ba3 Qe8 23. Bc5 Kb8 24. Rfb1 Nc8 25. Qe3 Bc6 26. Kf2 Rd7 27. Rh1 g5 28.
fxg5 Qg6 29. Qf4 Rdh7 30. Rhb1 Rh5 31. Rb2 Rxg5 32. Rab1 Rh7 33. Rg1 Qh6 34.
Ke3 Rhg7 35. Rf1 Qh5 36. Kf2 Rg8 37. Rfb1 R5g7 38. Rg1 Rf7 39. Ke1 Qh7 40. Kd2
Rfg7 41. Rbb1 Be8 42. Rbf1 Rg5 43. Kc1 Ne7 44. Bd6+ Ka8 45. Bxe7 Qxe7 46. Qxh4
Qd8 47. Kd2 Qxa5 48. Qh7 Qd8 49. Rf4 R5g6 50. Qh4 Qg5 51. Rgf1 Rh6 52. Qxg5
Rxg5 53. R1f3 Kb8 54. Rg3 Rgh5 55. Rg8 Rh8 56. Rg7 Bc6 57. Rg6 R8h6 58. Rg8+
Kc7 59. Rg7+ Kb6 60. Kc1 a5 61. Kb2 Rh8 62. Rg6 R5h6 63. Rg7 R8h7 64. Rxh7 Rxh7
65. Rf3 Rh4 66. Rg3 Kc7 67. Rg7+ Kd8 68. Rg8+ Ke7 69. Ra8 a4 70. Rg8 Be8 71.
Rg7+ Bf7 72. Ka3 b5 73. Rg3 Re4 74. Kb2 Re2 75. Rf3 Bh5 76. Rf4 a3+ 77. Kxa3
Rxc2 78. Kb4 Rb2+ 79. Kc5 b4 0-1

[Event "Sportsko leto 2013"]
[Site "Paracin"]
[Date "2013.07.09"]
[Round "6.7"]
[White "Tosic, Miroslav"]
[Black "Gleizerov, Evgeny"]
[Result "0-1"]
[WhiteElo "2421"]
[BlackElo "2553"]
[PlyCount "74"]
[EventDate "2013.??.??"]

1. d4 e6 2. Nf3 f5 3. g3 Nf6 4. Bg2 d5 5. O-O Bd6 6. Nbd2 O-O 7. c4 c6 8. Ne5
b6 9. Ndf3 Ne4 10. Qc2 Qe7 11. b3 Bb7 12. Nd3 Nd7 13. Bf4 c5 14. cxd5 exd5 15.
Bxd6 Qxd6 16. dxc5 bxc5 17. e3 Rac8 18. Rfd1 Qf6 19. Rac1 Rfd8 20. Qb2 Qb6 21.
Nh4 g6 22. Nf3 Ndf6 23. Nde5 Re8 24. h3 c4 25. Rc2 Ba6 26. Kh2 cxb3 27. Rxc8
Rxc8 28. axb3 Qc7 29. Ra1 Bb5 30. Qd4 Qc2 31. Ng5 Nxg5 32. Nxg6 Kg7 33. Ne7
Qxf2 34. Qxa7 Rc2 35. Nxf5+ Kg6 36. Nh4+ Kh6 37. Qb8 Nf3+ 0-1

[Event "Sportsko leto 2013"]
[Site "Paracin"]
[Date "2013.07.09"]
[Round "6.10"]
[White "Savic, Miodrag R"]
[Black "Brankovic, Dejan"]
[Result "1/2-1/2"]
[WhiteElo "2529"]
[BlackElo "2359"]
[PlyCount "123"]
[EventDate "2013.??.??"]

1. e4 c5 2. c3 d5 3. exd5 Qxd5 4. Nf3 Nf6 5. Na3 Nc6 6. Be2 e6 7. O-O Be7 8. d4
cxd4 9. Nb5 Qd8 10. Nbxd4 Nxd4 11. Qxd4 Qxd4 12. Nxd4 a6 13. Bf4 Nd5 14. Bg3 g5
15. Rfe1 Nf4 16. Bf3 Kf8 17. Rad1 Bf6 18. Nb3 Kg7 19. Nc5 Ra7 20. Nd7 Bd8 21.
Nc5 Bc7 22. Ne4 h6 23. h4 Kg6 24. Nd6 b5 25. Be4+ Kg7 26. Bc6 Rd8 27. Ne8+ Kg8
28. Nf6+ Kg7 29. Rxd8 Bxd8 30. hxg5 hxg5 31. Bxf4 gxf4 32. Nh5+ Kf8 33. Nxf4
Rc7 34. Bf3 Rd7 35. Kf1 Bg5 36. g3 Rd2 37. Re2 Rxe2 38. Kxe2 Ke7 39. Nd3 Kd6
40. Bh5 f6 41. f4 Bh6 42. b4 e5 43. Ke3 exf4+ 44. gxf4 Bg7 45. Kd4 Be6 46. a3
Bc4 47. Bg6 Bh6 48. Ke3 Bxd3 49. Bxd3 Bg7 50. Bf5 Kc6 51. Ke4 Kb6 52. Kf3 Bf8
53. Ke4 Bg7 54. Kf3 Bf8 55. Kg4 Bd6 56. Bd7 a5 57. Kf5 axb4 58. axb4 Bc7 59.
Ke4 Bd6 60. f5 Be5 61. Kd3 Bg3 62. Kc2 1/2-1/2

[Event "Sportsko leto 2013"]
[Site "Paracin"]
[Date "2013.07.09"]
[Round "6.11"]
[White "Drenchev, Petar"]
[Black "Burovic, Ismet"]
[Result "1-0"]
[WhiteElo "2483"]
[BlackElo "2361"]
[PlyCount "77"]
[EventDate "2013.??.??"]

1. e4 c6 2. d4 d5 3. Nd2 dxe4 4. Nxe4 Bf5 5. Ng3 Bg6 6. h4 h6 7. Nf3 Nd7 8. h5
Bh7 9. Bd3 Bxd3 10. Qxd3 e6 11. Bd2 Qc7 12. Ne4 Ngf6 13. O-O-O O-O-O 14. g3
Nxe4 15. Qxe4 Nf6 16. Qe2 Rd5 17. c4 Rd8 18. Kb1 Kb8 19. c5 Nd5 20. Ne5 Ka8 21.
Rc1 Re8 22. Rc4 f6 23. Ng6 Rg8 24. g4 Be7 25. Rh3 Bd8 26. Ra3 Qb8 27. Rca4 Bc7
28. f4 Bd8 29. b4 Nc7 30. Rxa7+ Qxa7 31. Rxa7+ Kxa7 32. a4 b5 33. cxb6+ Kxb6
34. Qc4 Kb7 35. b5 cxb5 36. axb5 Na8 37. Qc6+ Kb8 38. Bb4 Bc7 39. Bc5 1-0

[Event "Sportsko leto 2013"]
[Site "Paracin"]
[Date "2013.07.09"]
[Round "6.12"]
[White "Sarenac, David"]
[Black "Kadric, Denis"]
[Result "0-1"]
[WhiteElo "2311"]
[BlackElo "2459"]
[PlyCount "66"]
[EventDate "2013.??.??"]

1. e4 c5 2. Nf3 Nc6 3. d4 cxd4 4. Nxd4 e5 5. Nb5 d6 6. c4 Be7 7. N1c3 a6 8. Na3
Be6 9. Nc2 Rc8 10. Be2 Nf6 11. b3 O-O 12. O-O b5 13. cxb5 Na7 14. Bb2 Nxb5 15.
Bxb5 axb5 16. Nb4 Qa5 17. a3 Qa8 18. f3 Qb7 19. Rf2 Rc5 20. Rd2 Rfc8 21. Rd3
Ne8 22. Ncd5 Bg5 23. Qe2 f5 24. Kh1 Qf7 25. Rad1 Nf6 26. Nxf6+ gxf6 27. Rxd6
Bxb3 28. Rd8+ Kg7 29. R8d7 Bxd1 30. Rxf7+ Kxf7 31. Qd3 fxe4 32. Qxe4 Bc2 33.
Qg4 Bf5 0-1

[Event "Sportsko leto 2013"]
[Site "Paracin, hotel "]
[Date "2013.07.09"]
[Round "6.13"]
[White "Ratkovic, Milovan"]
[Black "Strzemiecki, Zbigniew"]
[Result "1/2-1/2"]
[WhiteElo "2315"]
[BlackElo "2431"]
[PlyCount "43"]
[EventDate "2013.07.05"]

1. d4 Nf6 2. Nf3 e6 3. Bg5 h6 4. Bxf6 Qxf6 5. e4 d5 6. Nbd2 c5 7. Bb5+ Bd7 8.
Qe2 dxe4 9. Nxe4 Qd8 10. Bxd7+ Nxd7 11. O-O-O Qb6 12. Ne5 Nxe5 13. dxe5 Be7 14.
Qg4 O-O 15. Nf6+ Bxf6 16. exf6 g6 17. f4 Rfd8 18. h4 Rxd1+ 19. Rxd1 h5 20. Qe2
Rd8 21. Rxd8+ Qxd8 22. Qe5 1/2-1/2

[Event "Sportsko leto 2013"]
[Site "Paracin, hotel "]
[Date "2013.07.09"]
[Round "6.14"]
[White "Atalik, Ekaterina"]
[Black "Ionescu, Doru-Alexandru"]
[Result "1-0"]
[WhiteElo "2430"]
[BlackElo "2330"]
[PlyCount "75"]
[EventDate "2013.07.05"]

1. d4 Nf6 2. c4 c5 3. d5 e5 4. Nc3 d6 5. e4 Be7 6. Bd3 O-O 7. h3 Nbd7 8. Nge2
a6 9. a4 Ne8 10. g3 Rb8 11. h4 Nc7 12. Be3 Nf6 13. f3 Bd7 14. b3 Re8 15. Qd2 b5
16. O-O bxc4 17. bxc4 Rb4 18. a5 Qc8 19. h5 Rf8 20. h6 g6 21. Rfb1 Rxb1+ 22.
Rxb1 Qd8 23. Nd1 Bc8 24. Nf2 Nh5 25. g4 Nf6 26. Ng3 Bd7 27. Kg2 Nfe8 28. Bc2
Bh4 29. Rh1 Bxg3 30. Kxg3 f6 31. f4 exf4+ 32. Bxf4 Qe7 33. Qc3 Rf7 34. Bc1 Qe5+
35. Qxe5 fxe5 36. Bg5 Nf6 37. Rb1 Nfe8 38. Rb8 1-0

[Event "Sportsko leto 2013"]
[Site "Paracin, hotel "]
[Date "2013.07.09"]
[Round "6.15"]
[White "Isak, Igor G"]
[Black "Nestorovic, Dejan"]
[Result "0-1"]
[WhiteElo "2053"]
[BlackElo "2411"]
[PlyCount "88"]
[EventDate "2013.07.05"]

1. e4 c5 2. Nf3 e6 3. Nc3 a6 4. g3 Nc6 5. Bg2 d6 6. O-O Nf6 7. Re1 Qc7 8. d4
cxd4 9. Nxd4 Be7 10. Be3 O-O 11. Qe2 Bd7 12. Rad1 b5 13. a3 Rab8 14. Nxc6 Bxc6
15. Bd4 e5 16. Nd5 Bxd5 17. exd5 Rfe8 18. Bc3 Nd7 19. Qd2 f5 20. f4 Bf6 21. Kh1
Rbc8 22. fxe5 Bxe5 23. Bxe5 Rxe5 24. Rxe5 Nxe5 25. c3 Qc5 26. Qd4 Nc4 27. Qxc5
Rxc5 28. Rb1 Rc7 29. Bf1 Kf7 30. Kg1 Ne3 31. a4 Rc5 32. axb5 axb5 33. Kf2 Nxf1
34. Rxf1 Rxd5 35. Ke3 g5 36. h4 h6 37. hxg5 hxg5 38. Ra1 Kg6 39. Ra5 Kh5 40.
Kf3 Rd3+ 41. Ke2 Rxg3 42. Rxb5 f4 43. Kf2 Rh3 44. Kg2 Rd3 0-1

[Event "Sportsko leto 2013"]
[Site "Paracin, hotel "]
[Date "2013.07.09"]
[Round "6.16"]
[White "Nestorovic, Lazar"]
[Black "Ilic, Zoran S"]
[Result "1-0"]
[WhiteElo "2394"]
[BlackElo "2291"]
[PlyCount "104"]
[EventDate "2013.07.05"]

1. e4 c5 2. Nf3 Nc6 3. d4 cxd4 4. Nxd4 Qb6 5. Nb3 Nf6 6. Nc3 e6 7. Bd3 a6 8.
Be3 Qc7 9. f4 d6 10. g4 b5 11. g5 Nd7 12. a3 Be7 13. Qe2 Rb8 14. h4 b4 15. axb4
Nxb4 16. h5 Bb7 17. Rg1 O-O 18. Nd4 Rfe8 19. f5 exf5 20. exf5 Nxd3+ 21. cxd3
Bf8 22. g6 Nc5 23. f6 hxg6 24. hxg6 fxg6 25. Rxg6 Qf7 26. Rg4 Qxf6 27. O-O-O
Nb3+ 28. Kb1 Nxd4 29. Bxd4 Rxe2 30. Bxf6 Rxb2+ 31. Kxb2 Bf3+ 32. Kc2 Bxg4 33.
Rg1 Be6 34. Ne4 d5 35. Ng5 Rc8+ 36. Kd2 Bb4+ 37. Ke3 Bf5 38. Be5 g6 39. Rh1 Kf8
40. Rh8+ Ke7 41. Rh7+ Ke8 42. Nf7 Rc6 43. Ng5 Be7 44. Nf3 Re6 45. Kd4 Rb6 46.
Rh8+ Kd7 47. Ra8 Rb3 48. Kxd5 Rxd3+ 49. Nd4 Ra3 50. Ra7+ Ke8 51. Nxf5 gxf5 52.
Ke6 Kf8 1-0

[Event "Sportsko leto 2013"]
[Site "Paracin, hotel "]
[Date "2013.07.09"]
[Round "6.18"]
[White "Kasparova, Tatiana"]
[Black "Arsovic, Zoran"]
[Result "0-1"]
[WhiteElo "2133"]
[BlackElo "2417"]
[PlyCount "74"]
[EventDate "2013.07.05"]

1. e4 c5 2. Nf3 d6 3. d4 cxd4 4. Nxd4 Nf6 5. f3 Nc6 6. c4 Qb6 7. Nc2 e6 8. Nc3
Be7 9. Rb1 O-O 10. Be3 Qc7 11. Be2 Rd8 12. O-O d5 13. cxd5 exd5 14. exd5 Be6
15. Qc1 Nxd5 16. Nxd5 Bxd5 17. Nd4 Bxa2 18. Ra1 Bd5 19. Nb5 Qe5 20. Re1 Bb4 21.
Nc3 Bb3 22. Bd1 Bxd1 23. Rxd1 Bxc3 24. Qxc3 Qxc3 25. bxc3 b6 26. Rdb1 Rac8 27.
c4 Rd3 28. Bf2 Rc3 29. Ra4 Rd8 30. h3 h6 31. Rb2 Rd7 32. Rba2 f5 33. Rb2 Kf7
34. Rb5 Rc1+ 35. Kh2 Rc2 36. Rd5 Re7 37. Rd6 Ne5 0-1

[Event "Sportsko leto 2013"]
[Site "Paracin, hotel "]
[Date "2013.07.09"]
[Round "6.19"]
[White "Zlatanovic, Boroljub"]
[Black "Zlatanovic, Zoran"]
[Result "1-0"]
[WhiteElo "2416"]
[BlackElo "2210"]
[PlyCount "101"]
[EventDate "2013.07.05"]

1. g3 c5 2. Bg2 d6 3. e4 e6 4. Ne2 Qc7 5. b3 b6 6. Bb2 Bb7 7. O-O Nd7 8. c4
Ngf6 9. Nec3 a6 10. f4 h5 11. h3 Be7 12. d3 O-O-O 13. Nd2 h4 14. g4 g5 15. Ne2
Rhg8 16. f5 d5 17. fxe6 fxe6 18. exd5 exd5 19. Rf5 d4 20. Bxb7+ Qxb7 21. Qf1
Rdf8 22. Qg2 Ne8 23. Raf1 Rxf5 24. Rxf5 Qxg2+ 25. Kxg2 Nd6 26. Rd5 Rg6 27. Nf3
Nf7 28. Bc1 Re6 29. Kf2 Nde5 30. Ne1 Nd6 31. Ng1 Ndf7 32. Ngf3 Kc7 33. b4 cxb4
34. Nxd4 Rd6 35. Rxd6 Bxd6 36. Ne6+ Kc6 37. Nxg5 a5 38. d4 Nxg5 39. dxe5 Bc5+
40. Kg2 Ne6 41. Nd3 b5 42. cxb5+ Kxb5 43. Kf3 Be7 44. Ke4 Kc4 45. Nf4 Nc5+ 46.
Kf5 a4 47. g5 a3 48. g6 Bf8 49. e6 Nb7 50. e7 Bxe7 51. Ke6 1-0

[Event "Sportsko leto 2013"]
[Site "Paracin, hotel "]
[Date "2013.07.09"]
[Round "6.21"]
[White "Ratkovic, Miloje"]
[Black "Cvetkovic, Srdjan"]
[Result "1/2-1/2"]
[WhiteElo "2258"]
[BlackElo "2385"]
[PlyCount "90"]
[EventDate "2013.07.05"]

1. d4 Nf6 2. Nf3 d5 3. c4 e6 4. Nc3 Nbd7 5. cxd5 exd5 6. Bf4 c6 7. h3 Nb6 8. e3
Bf5 9. Ne5 Bd6 10. g4 Bg6 11. h4 h5 12. Nxg6 fxg6 13. Qc2 Bxf4 14. Qxg6+ Kf8
15. g5 Bd6 16. gxf6 Qxf6 17. Qc2 Ke7 18. O-O-O Rhf8 19. f4 Kd8 20. Rg1 Bb4 21.
Na4 Kc7 22. Nxb6 axb6 23. Rg5 Bd6 24. Qg6 Qxg6 25. Rxg6 Rf7 26. Bh3 Re8 27. Be6
Rf6 28. Rxg7+ Re7 29. Rxe7+ Bxe7 30. f5 Rh6 31. Rh1 Rh7 32. Rg1 Bxh4 33. Rg6
Be7 34. f6 Bf8 35. Kd1 h4 36. Bh3 Rh6 37. Rxh6 Bxh6 38. Ke2 Kd6 39. Kf3 Bg5 40.
f7 Ke7 41. Bc8 Kxf7 42. Bxb7 h3 43. Bxc6 Ke6 44. e4 dxe4+ 45. Bxe4 Bf6 1/2-1/2

[Event "Sportsko leto 2013"]
[Site "Paracin, hotel "]
[Date "2013.07.09"]
[Round "6.22"]
[White "Cabarkapa, Novak"]
[Black "Rajkovic, Mladen"]
[Result "1-0"]
[WhiteElo "2356"]
[BlackElo "2015"]
[PlyCount "59"]
[EventDate "2013.07.05"]

1. e4 e5 2. Nf3 Nc6 3. Bc4 Bc5 4. O-O Nf6 5. d3 d6 6. c3 Bb6 7. Bb3 O-O 8. Nbd2
Be6 9. Bc2 d5 10. Qe2 d4 11. Rd1 Nd7 12. Nf1 h6 13. Ng3 Qf6 14. h3 a5 15. Ba4
Rfe8 16. Bxc6 bxc6 17. cxd4 Bxd4 18. Nxd4 exd4 19. f4 c5 20. Qf2 Nb6 21. f5 Bd7
22. Nh5 Qd6 23. Bf4 Qc6 24. Qg3 g5 25. Bxg5 Bxf5 26. exf5 hxg5 27. Qxg5+ Kf8
28. Qg7+ Ke7 29. Re1+ Kd6 30. Qh6+ 1-0

[Event "Sportsko leto 2013"]
[Site "Paracin, hotel "]
[Date "2013.07.09"]
[Round "6.23"]
[White "Cvetanovic, Uros"]
[Black "Carnic, Srdjan"]
[Result "1/2-1/2"]
[WhiteElo "2249"]
[BlackElo "2341"]
[PlyCount "43"]
[EventDate "2013.07.05"]

1. e4 c5 2. Nf3 d6 3. d4 cxd4 4. Nxd4 Nf6 5. Nc3 g6 6. Be3 Bg7 7. f3 O-O 8. Qd2
Nc6 9. O-O-O d5 10. exd5 Nxd5 11. Nxc6 bxc6 12. Bd4 Bxd4 13. Qxd4 Qb6 14. Na4
Qc7 15. h4 Rb8 16. a3 h5 17. Bc4 Rd8 18. g4 Be6 19. Nc5 Nf4 20. Nxe6 Rxd4 21.
Nxc7 Rxc4 22. Rd7 1/2-1/2

[Event "Sportsko leto 2013"]
[Site "Paracin, hotel "]
[Date "2013.07.09"]
[Round "6.24"]
[White "Cerovic, Danilo"]
[Black "Jovanovic, Bojan P"]
[Result "1/2-1/2"]
[WhiteElo "2340"]
[BlackElo "2203"]
[PlyCount "43"]
[EventDate "2013.07.05"]

1. e4 g6 2. d4 Bg7 3. Nf3 d6 4. Nc3 Nd7 5. Be3 a6 6. a4 b6 7. Bc4 e6 8. Qd2 h6
9. O-O Ne7 10. h3 Nf6 11. Bf4 Bb7 12. Rfe1 Nxe4 13. Nxe4 Bxe4 14. Rxe4 d5 15.
Bxd5 Nxd5 16. Be5 O-O 17. Rae1 Nf6 18. Rf4 Nd7 19. Bxg7 Kxg7 20. Rfe4 Nf6 21.
Re5 Qd6 22. b3 1/2-1/2

[Event "Sportsko leto 2013"]
[Site "Paracin, hotel "]
[Date "2013.07.09"]
[Round "6.25"]
[White "Budimir, Boris"]
[Black "Irizanin, Radoje"]
[Result "1-0"]
[WhiteElo "2253"]
[BlackElo "2333"]
[PlyCount "169"]
[EventDate "2013.07.05"]

1. c4 e6 2. g3 d5 3. Bg2 c6 4. cxd5 exd5 5. Nf3 Nf6 6. O-O Be7 7. d4 O-O 8. Nc3
Nbd7 9. Qc2 Re8 10. Bg5 h6 11. Bf4 Nf8 12. Rae1 Be6 13. Ne5 Rc8 14. Rd1 N8d7
15. h3 c5 16. Be3 cxd4 17. Bxd4 Nxe5 18. Bxe5 Qa5 19. Qd2 Red8 20. Bxf6 Bxf6
21. Nxd5 Qxd2 22. Rxd2 Bxd5 23. Bxd5 Kf8 24. Rfd1 Rc7 25. b3 a5 26. a4 b6 27.
Bc4 Rxd2 28. Rxd2 Ke7 29. e3 Be5 30. Kg2 Bd6 31. Rd3 f6 32. Kf3 Rc5 33. g4 h5
34. Ke2 h4 35. f4 g5 36. Kf3 Bc7 37. Ke4 Bd6 38. Rd1 Bc7 39. Rf1 Bd6 40. Rf3
Kd8 41. fxg5 Re5+ 42. Kd3 fxg5 43. Rf7 Bc5 44. e4 Ke8 45. Rg7 Kf8 46. Rg8+ Ke7
47. Bd5 Kf6 48. Rc8 Re7 49. Rf8+ Kg6 50. Rf5 Bd6 51. Kd4 Bc5+ 52. Kc4 Bd6 53.
Kb5 Bc5 54. e5 Bd4 55. e6 Rc7 56. Bc6 Bc5 57. Bd7 Bb4 58. Rf7 Rc5+ 59. Kxb6 Re5
60. Rf3 Re1 61. Kc7 Rg1 62. Rf7 Re1 63. Rf3 Rg1 64. Be8+ Kg7 65. Rf7+ Kh6 66.
Bb5 Rg3 67. e7 Bxe7 68. Rxe7 Rxh3 69. Bc4 Rg3 70. Kb6 h3 71. Re1 Rxg4 72. Be6
Rh4 73. Rh1 h2 74. Kxa5 Kg6 75. b4 Kf6 76. Bc8 Rh8 77. Bb7 g4 78. b5 g3 79. b6
Ke5 80. Rd1 Kf4 81. Bh1 Ke3 82. b7 Kf2 83. Kb6 g2 84. Rd2+ Kg1 85. Bxg2 1-0

[Event "Sportsko leto 2013"]
[Site "Paracin, hotel "]
[Date "2013.07.09"]
[Round "6.26"]
[White "Pantelic, Sasa"]
[Black "Pantic, Ivica"]
[Result "1-0"]
[WhiteElo "2331"]
[BlackElo "2193"]
[PlyCount "89"]
[EventDate "2013.07.05"]

1. d4 Nf6 2. Nf3 e6 3. Bg5 h6 4. Bxf6 Qxf6 5. e4 d6 6. Nc3 g5 7. e5 Qe7 8. Bd3
Bg7 9. h3 Nc6 10. O-O d5 11. Na4 b6 12. c4 dxc4 13. Bxc4 Bb7 14. Qe2 O-O 15.
Nc3 Rad8 16. Rad1 Nb4 17. a3 Nd5 18. Nxd5 Bxd5 19. Bxd5 Rxd5 20. Rc1 Rfd8 21.
Rc6 h5 22. Qe4 Rb5 23. Rfc1 Rd7 24. R1c2 Bh6 25. g3 Qd8 26. Kh2 Qa8 27. b4 Qd8
28. g4 hxg4 29. hxg4 Rbd5 30. Kg3 Bf8 31. Qe3 Be7 32. Rc1 f5 33. exf6 Bd6+ 34.
Kg2 Qxf6 35. Rh1 Rf7 36. Rh3 a5 37. Qe4 axb4 38. axb4 Rb5 39. Rc1 Rxb4 40. Rch1
Kf8 41. Rh8+ Ke7 42. R1h7 Bf4 43. Qc6 Qg6 44. Re8+ Kf6 45. Qxe6# 1-0

[Event "Sportsko leto 2013"]
[Site "Paracin, hotel "]
[Date "2013.07.09"]
[Round "6.27"]
[White "Hagesather, Ellen"]
[Black "Dinic, Dragan"]
[Result "1/2-1/2"]
[WhiteElo "2210"]
[BlackElo "2311"]
[PlyCount "40"]
[EventDate "2013.07.05"]

1. c4 Nf6 2. g3 g6 3. Bg2 d5 4. cxd5 Nxd5 5. Nc3 Nb6 6. d3 Bg7 7. Be3 O-O 8.
Qd2 Re8 9. h4 h5 10. Bh6 Bh8 11. Nh3 Nc6 12. Bxc6 bxc6 13. Ng5 Nd5 14. Nxd5
Qxd5 15. O-O Rb8 16. b3 Bxa1 17. Rxa1 c5 18. Rc1 Rb5 19. Qf4 f6 20. Ne4 Bb7
1/2-1/2

[Event "Sportsko leto 2013"]
[Site "Paracin, hotel "]
[Date "2013.07.09"]
[Round "6.28"]
[White "Andersen, Alf R"]
[Black "Mladenovic, Stefan"]
[Result "1-0"]
[WhiteElo "2202"]
[BlackElo "2307"]
[PlyCount "123"]
[EventDate "2013.07.05"]

1. e4 c5 2. Nf3 d6 3. d4 cxd4 4. Nxd4 Nf6 5. Nc3 g6 6. Be3 Bg7 7. f3 Nc6 8. Qd2
Bd7 9. O-O-O Rc8 10. g4 O-O 11. h4 Ne5 12. Be2 Qa5 13. Nb3 Qc7 14. h5 b5 15.
Nd4 b4 16. Nd5 Nxd5 17. exd5 Nc4 18. Bxc4 Qxc4 19. Kb1 f5 20. hxg6 hxg6 21. Bh6
Qxd4 22. Qxd4 Bxd4 23. Rxd4 Rf7 24. Rxb4 fxg4 25. fxg4 Rf2 26. c3 Rc7 27. Rg1
Rh2 28. Bg5 Re2 29. Bc1 a5 30. Rf4 g5 31. Rd4 Re5 32. c4 Rc8 33. Rf1 Kg7 34. b3
Kg6 35. Bb2 Re2 36. Rh1 Rf8 37. Bc3 Rff2 38. Re1 Rxe1+ 39. Bxe1 Rf1 40. Re4
Bxg4 41. Rxe7 Bf5+ 42. Kb2 g4 43. Bxa5 g3 44. Bb6 g2 45. Bd4 Bg4 46. c5 Rd1 47.
Rg7+ Kf5 48. Be3 Re1 49. Rg5+ Ke4 50. Rxg4+ Kf3 51. Rxg2 Kxg2 52. cxd6 Rd1 53.
Bc5 Rxd5 54. b4 Kf3 55. a4 Ke4 56. a5 Rd2+ 57. Kc3 Ra2 58. Kc4 Ke5 59. Kb5 Ke6
60. Kb6 Kd7 61. Kb7 Ra1 62. a6 1-0

[Event "Sportsko leto 2013"]
[Site "Paracin, hotel "]
[Date "2013.07.09"]
[Round "6.30"]
[White "Persson, Richard"]
[Black "Sorgic, Dragan"]
[Result "0-1"]
[WhiteElo "2175"]
[BlackElo "2265"]
[PlyCount "84"]
[EventDate "2013.07.05"]

1. e4 c5 2. Nf3 Nc6 3. Bb5 d6 4. Bxc6+ bxc6 5. h3 e5 6. O-O Nf6 7. b4 cxb4 8.
a3 bxa3 9. d4 Nd7 10. Nxa3 Ba6 11. c4 Be7 12. Bb2 f6 13. Qa4 Qc8 14. Nc2 Bb7
15. c5 O-O 16. Rfb1 dxc5 17. dxe5 Nb6 18. Qb3+ c4 19. Qe3 c5 20. Nd2 fxe5 21.
Bxe5 Qe6 22. Qc3 Bf6 23. Bxf6 Rxf6 24. f3 Rg6 25. Kf2 Rd8 26. Ne1 Qd6 27. Nf1
Rf8 28. Ke2 Re6 29. Rxa7 Qb8 30. Rba1 Rf7 31. Kd1 Rd7+ 32. Kc1 Red6 33. Ne3 Rd4
34. R7a2 Qf4 35. N1c2 Rd3 36. Qe1 c3 37. Kb1 Nc4 38. Ra8+ Kf7 39. Nd5 Bxd5 40.
exd5 Rb7+ 41. Nb4 Rxb4+ 42. Kc2 Rd2+ 0-1

[Event "Sportsko leto 2013"]
[Site "Paracin, hotel "]
[Date "2013.07.09"]
[Round "6.31"]
[White "Secheres, Adrian-Simion"]
[Black "Spiric, Igor"]
[Result "0-1"]
[WhiteElo "2143"]
[BlackElo "2255"]
[PlyCount "76"]
[EventDate "2013.07.05"]

1. d4 Nf6 2. c4 c5 3. d5 e6 4. Nc3 exd5 5. cxd5 d6 6. Nf3 g6 7. Bf4 a6 8. a4
Bg7 9. h3 O-O 10. e3 Nh5 11. Bh2 f5 12. Be2 f4 13. e4 Qe7 14. Nd2 Nf6 15. O-O
g5 16. Nc4 Nbd7 17. Ra3 Ne5 18. Nb6 Rb8 19. a5 Bd7 20. Nxd7 Qxd7 21. Rb3 Qc7
22. Qa1 Bh6 23. g4 c4 24. Ra3 f3 25. Bd1 Nfxg4 26. hxg4 Qd7 27. Bxe5 dxe5 28.
Bxf3 Rxf3 29. Ne2 Qxg4+ 30. Ng3 Rxa3 31. Qxa3 Bf8 32. Qc3 Bd6 33. Kg2 Rf8 34.
f3 Qf4 35. Nf5 Rxf5 36. exf5 e4 37. Rh1 Qg3+ 38. Kf1 Bc5 0-1